| 000 | 00941nam a2200265Ia 4500 | ||
|---|---|---|---|
| 003 | OSt | ||
| 005 | 20220930072649.0 | ||
| 006 | a|||||r|||| 00| 0 | ||
| 007 | ta | ||
| 008 | 220926b |||||||| |||| 00| 0 eng d | ||
| 024 | _a24735 | ||
| 037 | _cTheses | ||
| 040 |
_aCRL _cCRL _beng |
||
| 041 |
_2eng _aeng |
||
| 100 |
_aVaswani Jyotsna K _9530234 |
||
| 110 | _aUniversity of Delhi. Faculty of Medical Sciences. Department of Paediatrics | ||
| 245 | 0 | _aStudy of the prevalence of reversible airway obstruction in children presenting with persistent cough following an acute viral upper respiratory tract infection | |
| 260 | _c1998 | ||
| 300 |
_a81p. _ap. _ccm. |
||
| 650 | _aCHILDREN - DISEASES | ||
| 700 |
_a Dr G R Sethi Supervisor _9530008 |
||
| 700 | _aUniversity of Delhi. Faculty of Medical Sciences. Department of Paediatrics | ||
| 942 |
_cDIS _2CC |
||
| 999 |
_c864170 _d864170 |
||